000 00730nam a2200289Ia 4500
005 20260324142954.0
008 008 260324s9999 xx 000 0 eng d
020 _a9781315043029
037 _aEBOOK
040 _aCRL
040 _beng
040 _cCRL
041 _2eng
041 _aeng
084 _qCRL
100 _aDavid Fetterman
_91213918
245 0 _aSpeaking the language of power
245 0 _bCommunication, collaboration and advocacy (translating ethnology into action)
260 _bTaylor and Francis
260 _c1993
365 _a
365 _b72.99
856 _uhttp://www.taylorfrancis.com/books/9781315043029
942 _cEBOOK
999 _c1818751
_d1818751